000
00281nam a2200121Ia 4500
008
190216s9999||||xx |||||||||||||| ||und||
100
_a
Gulshan Nanda
245
0
_a
Frozen Lips
260
_b
Pearl Pub
_c
1967
300
_a
118
650
_a
English Novel-English Novel
942
_c
BK
999
_c
11896
_d
11896